000 00308nam a2200145Ia 4500
100 _aAnderson Don
942 _cBK
654 _acomputer
245 _aCardbus Systems Architecture
260 _bAddison Wesly
_aMumbai
_c1996
082 _a4.62
_bAND
300 _a407
546 _aENGLISH
999 _c22996
_d22996